| 000 | 00817cad a22002055a 4500 | ||
|---|---|---|---|
| 001 | E149575 | ||
| 008 | 100323s2010 xxk f 000 0 eng d | ||
| 035 | _a(Sirsi) u149575 | ||
| 041 | 0 | _aeng | |
| 050 | 0 | 4 | _a333.33 $2 18 |
| 110 | 2 |
_aColliers CRE _95075 |
|
| 245 | 0 | 0 |
_aCrossrail bare essentials _h[electronic resource] |
| 260 |
_a[London] _bColliers CRE _c2010 |
||
| 520 | _aSets out the programme for the Crossrail project, which is estimated to be completed in 2017. Also includes a map of Crossrail route connections. | ||
| 590 | _aKA | ||
| 651 | 4 |
_aEngland _y886- |
|
| 690 | _aPROPERTY-INFRASTRUCTURE-TRANSPORT INFRASTRUCTURE | ||
| 856 | 4 | 0 |
_uhttps://www.collierscre.com/documents/Research_specialty/rese_crossrail-facts_q110.pdf _zView the item free of charge (PDF file) at www.collierscre.com |
| 942 | _n0 | ||
| 999 |
_c110544 _d110544 |
||